Football by Letter - D - Statistics

General Stats
  • This quiz has been taken 79 times
    64 since last reset
  • The average score is 13 of 15
Answer Stats
Hint Answer % Correct
Spanish goalkeeper who is playing for Manchester United since 2011 David de Gea
100%
Considered one of the best midfielders in the world, from Belgium and plays for Manchester City Kevin {De Bruyne}
96%
A very fast Canadian left back who plays for Bayern Munich Alphonso {Davies}
95%
Argentine winger who currently plays for Juventus, one of the biggest failed transfer for Manchester United in 2014 Ángel {Di María}
95%
Late Argentine footballer, famous for his 'Hand of God' goal against England in 1986 {Diego} Maradona
95%
One of the Ajax wondersquad of 2018/19 season, Dutch midfielder who was sold to Barcelona for €86.00m (which Barca still owe Ajax at least €10m) Frenkie {De Jong}
95%
Argentine forward who has played for Juventus for 7 seasons before his move to AS Roma in 2022 Paulo {Dybala}
95%
Scandinavian national team who qualified for the Euros 2020 without a loss, and scoring 23 goals. They went on and finished 3rd in the Euros. Denmark
93%
Ivorian forward who played for Chelsea, winning the Champions League in 2012 Didier Drogba
91%
Former Manchester City striker, the Bosnian now plays for Inter Milan Edin {Džeko}
91%
4 types of player on field: forwards, midfielders, goalkeeper and _________ Defenders
88%
Brazilian goalkeeper who has won the 2002 World Cup and played at AC Milan for 10 seasons Dida
77%
Once a LaLiga champion, however they are at Primera División RFEF – Group 1 (Spanish 3rd Tier) now Deportivo La Coruna
63%
The only club that starts with D to play in the Premier League since 1992 Derby County
61%
Nickname for Emiliano Martínez for his likeness to an Argentine cartoon character Dibu
49%
No matching quizzes found
Score Distribution
Percent of People with Each Score
Percentile by Number Answered
Your Score History
You have not taken this quiz since the last reset